Normal view
MARC view
Entry Personal Name
001 - CONTROL NUMBER
- control field: 5829
003 - CONTROL NUMBER IDENTIFIER
- control field: PK-LaUMT
005 - DATE AND TIME OF LATEST TRANSACTION
- control field: 20250514113210.0
008 - FIXED-LENGTH DATA ELEMENTS
- fixed length control field: 250514|| aca||aabn | a|a d
040 ## - CATALOGING SOURCE
- Original cataloging agency: PK-LaUMT
- Transcribing agency: PK-LaUMT
100 ## - HEADING--PERSONAL NAME
- Personal name: Groot, Anton C. de
670 ## - SOURCE DATA FOUND
- Source citation: Work cat.: (PK-LaUMT)137518: Groot, Anton C. de., Unwanted effects of cosmetics and drugs used in dermatology /, 1994
